Oeuvres complètes de Eugène Scribe. (Record no. 169778)

MARC details
000 -LEADER
campo de control de longitud fija 00569nam a2200157 i 4500
001 - NÚMERO DE CONTROL
campo de control 169778
003 - IDENTIFICADOR DE NÚMERO DE CONTROL
campo de control ES-MaACL
005 - FECHA Y HORA DE LA ÚLTIMA TRANSACCIÓN
campo de control 20230906214207.0
008 - DATOS DE LONGITUD FIJA--INFORMACIÓN GENERAL
campo de control de longitud fija 081126s1875 fr |||| | fre d
080 ## - NÚMERO DE LA CLASIFICACIÓN DECIMAL UNIVERSAL
Número de la Clasificación Decimal Universal 821.133.1-31"18"
100 0# - ENTRADA PRINCIPAL--NOMBRE DE PERSONA
Nombre de persona Scribe, Eugène.
9 (RLIN) 104966
245 10 - MENCIÓN DEL TÍTULO
Título Oeuvres complètes de Eugène Scribe.
Número de parte o sección de la obra 5e série,
Nombre de parte o sección de la obra Proverbes, Nouvelles, Romans.
Número de parte o sección de la obra 7,
Nombre de parte o sección de la obra La Jeune Allemagne, ou les Yeux de ma tante.
260 ## - PUBLICACIÓN, DISTRIBUCIÓN, ETC.
Lugar de publicación, distribución, etc. Paris :
Nombre del editor, distribuidor, etc. E. Dentu,
Fecha de publicación, distribución, etc. 1875.
300 ## - DESCRIPCIÓN FÍSICA
Extensión 498 p. ;
Dimensiones 18 cm.
852 ## - LOCALIZACIÓN
Ubicación ES-MaACL
Número de control de estantería E-12278
itemnumber R.190452
Nota libre .- Biblioteca Jacinto Martínez Lacalle
Holdings
Estatus retirado Estado de pérdida Estado de daño No para préstamo Colección Biblioteca de origen Biblioteca actual Ubicación en estantería Fecha de adquisición Fuente de adquisición Total de préstamos Signatura topográfica completa Código de barras Visto por última vez Precio de reemplazo Tipo de ítem Koha
        Libros del s. XIX Biblioteca del Ateneo de Madrid Biblioteca del Ateneo de Madrid Depósito 2 26/11/2008     E-12278 1178249 23/02/2023 23/02/2023 Libro impreso antiguo